| 000 | 00614nam a2200193 4500 | ||
|---|---|---|---|
| 001 | 136509 | ||
| 003 | ES-MaACL | ||
| 005 | 20250813110913.0 | ||
| 007 | t| | ||
| 008 | 070214s1931 sp r ||||1| spa d | ||
| 100 | 1 |
_aRussell, Bertrand, _d1872-1970 _9101033 |
|
| 245 | 1 | 3 |
_aEl panorama científico / _cBertrand Russell ; traducción del inglés por G. Sans Huelin. |
| 260 |
_aMadrid : _bRevista de Occidente, _c1931. |
||
| 300 |
_a266 p. ; _c19 cm. |
||
| 650 | 0 | 7 |
_aCiencia _2embne _910929 |
| 700 | 1 |
_aSans Huelin, Guillermo. _9103207 |
|
| 852 |
_aES-MaACL _jB-12872 |
||
| 999 |
_c136509 _d136509 |
||